书目信息 |
| 题名: |
闯与创
|
|
| 作者: | 庄则栋 , 钮琛 著 | |
| 分册: | ||
| 出版信息: | 北京 中国展望出版社 1985 |
|
| 页数: | 501页 | |
| 开本: | 19cm | |
| 丛书名: | ||
| 单 册: | ||
| 中图分类: | G846.1 | |
| 科图分类: | ||
| 主题词: | 乒乓球运动-运动技术 , 运动技术-乒乓球运动 , 球类运动 | |
| 电子资源: | ||
| ISBN: | ||
| 000 | 00722nam0 2200277 45 | |
| 001 | 0185012265 | |
| 005 | 20040506091514.5 | |
| 010 | @dCNY3.65 | |
| 091 | @a7271.031 | |
| 100 | @a19951020d1985 em y0chiy0121 ea | |
| 101 | 0 | @achi |
| 102 | @aCN@b110000 | |
| 105 | @af z 000yy | |
| 106 | @ar | |
| 200 | 10 | @a闯与创@Achuang yu chuang@f庄则栋,钮琛著 |
| 210 | @a北京@c中国展望出版社@d1985 | |
| 215 | @a501页@c图@d19cm | |
| 606 | @a乒乓球运动-运动技术 | |
| 606 | @a运动技术-乒乓球运动 | |
| 606 | 0 | @a球类运动 |
| 690 | @aG846.1 | |
| 701 | 0 | @a庄则栋@4著@Azhuang ze dong |
| 701 | 0 | @a钮琛@4著@Aniu chen |
| 801 | 0 | @aCN@b深圳图书馆@c20040506 |
| 801 | 2 | @aCN@bNLC@c20040506 |
| 905 | @f4@b238466-469@dG846.1@e65 | |
| 闯与创/庄则栋,钮琛著.-北京:中国展望出版社,1985 |
| 501页:图;19cm |
| ISBN :CNY3.65 |
| ● |
| 相关链接 |
|
|
|
|
正题名:闯与创
索取号:G846.1/65
 
预约/预借
| 序号 | 登录号 | 条形码 | 馆藏地/架位号 | 状态 | 备注 |
| 1 | 0238466 | 000301774 | 密集书库/ [索取号:G846.1/65] | 在馆 | |
| 2 | 0238467 | 000301783 | 密集书库/ [索取号:G846.1/65] | 在馆 | |
| 3 | 0238468 | 000301355 | 密集书库/ [索取号:G846.1/65] | 在馆 | |
| 4 | 0238469 | 000301809 | 密集书库/ [索取号:G846.1/65] | 在馆 | |
| 5 | 0238470 | 000301792 | 第一样本阅览室/ [索取号:G846.1/65] | 在馆 |